| 000 | 00981cam a22002895a 4500 | ||
|---|---|---|---|
| 001 | 17974635 | ||
| 005 | 20150628121302.0 | ||
| 008 | 131217s2014 enkad frb f001 0 eng d | ||
| 020 | _a9780198707875 (hbk.) | ||
| 020 | _a9780198707882 (pbk.) | ||
| 040 |
_aDLC _beng _cDLC _dEG-ScBUE |
||
| 082 | 0 | 4 |
_a338.9 _bTAY _222 |
| 100 | 1 | _aTaylor, J. Edward. | |
| 245 | 1 | 0 |
_aBeyond experiments in development economics : _blocal economy-wide impact evaluation / _cJ. Edward Taylor, Mateusz J. Filipski. |
| 250 | _a1st ed. | ||
| 260 |
_aOxford : _bOxford University Press, _c2014. |
||
| 300 |
_axvii, 313 p. : _bchart, tables ; _c24 cm. |
||
| 500 | _aIndex: p. 307-313. | ||
| 504 | _aBibliography: p. 299-306. | ||
| 650 | 0 |
_aDevelopment economics _xEvaluation. _2BUEsh |
|
| 650 | 0 |
_aEconomic development projects _xEvaluation. _2BUEsh |
|
| 651 | _2BUEsh | ||
| 653 |
_bBUSECO _cJune2015 |
||
| 655 |
_vreading book _934232 |
||
| 700 | 1 | _aFilipski, Mateusz J. | |
| 942 |
_2ddc _k338.9 TAY |
||
| 999 |
_c19747 _d19719 |
||